[Event "GER-chT U20"]
[Site "Braunschweig"]
[Date "2019.12.28"]
[Round "3.8"]
[White "Hoenselaar, Dennis"]
[Black "Schubert, Bernhard"]
[Result "1/2-1/2"]
[WhiteElo "1769"]
[BlackElo "1586"]
[PlyCount "71"]
[EventDate "2019.12.27"]
[EventType "team-swiss"]
[EventRounds "7"]
[EventCountry "GER"]
[SourceTitle "CBM 194 Extra"]
[Source "ChessBase"]
[SourceDate "2020.03.31"]
[SourceVersion "1"]
[SourceVersionDate "2020.03.31"]
[SourceQuality "1"]
[WhiteTeam "Kleve Turm"]
[BlackTeam "Dresden TU"]
[WhiteTeamCountry "GER"]
[BlackTeamCountry "GER"]

1. c4 c5 2. g3 Nf6 3. Bg2 e6 4. e4 Nc6 5. Nc3 Be7 6. Nge2 0-0 7. 0-0 d6 8. d3 Qd7 9. h3 b6 10. Be3 Bb7 11. d4 cxd4 12. Nxd4 Nxd4 13. Bxd4 Rac8 14. b3 Ne8 15. Re1 Bf6 16. Bxf6 Nxf6 17. Qd2 Rfd8 18. Rad1 a6 19. a4 Bc6 20. Qe2 Qb7 21. Rd2 Ne8 22. Red1 Rd7 23. f4 Qa7 24. Kh2 Rcd8 25. e5 Bxg2 26. Qxg2 Qc7 27. exd6 Nxd6 28. Ne4 Nxe4 29. Rxd7 Rxd7 30. Rxd7 Qxd7 31. Qxe4 Qd2+ 32. Qg2 Qxg2+ 33. Kxg2 Kf8 34. Kf3 Ke7 35. Ke3 Kd6 36. Ke4 1/2-1/2